000 00542nam a2200169Ia 4500
999 _c19907
_d19907
003 OSt
005 20200624120008.0
008 190216s9999||||xx |||||||||||||| ||und||
020 _a195619404
040 _coclc
082 _a954.005
_bALL/O
100 _aAllen, N J
_93175
245 0 _aOxford University Papers On India Vol 1 Part 2 /
_cN J Allen ; R F Gombrich ; G Rizvi ; T Raychaudhuri
260 _bOxford University Press,
_c1987.
_aDelhi:
300 _a149p
942 _cBK
_2ddc
_h954.005
_iALL/O
_k954.005
_mALL/O